LDR 00773naa#a2200193#i#450# 001 RU\\bibl\15548 005 20260516201951.6 011 ## _a2225-8272 100 ## _a20161229b2016####ek#y0rusy0150####ca 101 0# _aRUS 102 ## _aRU 200 1# _aИнновационная политика в системе государственного управления Российской Федерации _eЖурнальная статья 210 1# _aМосква _cРАНХиГС _d2016 215 ## _a0 с. 608 ## _aЖурнальная статья _2local 700 #1 _aМалахова _gОксана Владимировна 700 #1 _aБелова _gЛариса Николаевна 700 #1 _aПроказина _gНаталья Васильевна 856 4# _anaukaru.ru _u